Prínos štúdia predmetov zameraných na dejiny a kultúru anglicky hovoriacich krajín pre absolventa EU v Bratislave

Obsah a cieľ predmetov: Reálie anglicky hovoriacich krajín a Úvod do interkultúrnej komunikácie. Komunikatívne kompetencie študenta. Prínosy predmetov zameraných na dejiny a kultúru anglicky hovoriacich krajín.

Gespeichert in:
Bibliographische Detailangaben
1. Verfasser: Némethová, Ildikó, 1974-
Format: Buchkapitel
Sprache:Slowakisch
Schlagworte:
Tags: Tag hinzufügen
Keine Tags, Fügen Sie das erste Tag hinzu!

MARC

LEADER 00000nla$a2200000$$$4500
001 0132442
005 20240502072510.6
041 0 |a slo 
044 |a SK 
245 1 0 |a Prínos štúdia predmetov zameraných na dejiny a kultúru anglicky hovoriacich krajín pre absolventa EU v Bratislave  |c Ildikó Némethová 
520 |a Obsah a cieľ predmetov: Reálie anglicky hovoriacich krajín a Úvod do interkultúrnej komunikácie. Komunikatívne kompetencie študenta. Prínosy predmetov zameraných na dejiny a kultúru anglicky hovoriacich krajín. 
610 2 0 |a vzdelávanie vysokoškolské 
610 2 0 |a predmety učebné 
610 2 0 |a angličtina 
610 2 0 |a kultúra 
610 2 0 |a dejiny 
610 2 0 |a študenti 
610 2 0 |a kompetencie 
610 2 0 |a komunikácia 
100 1 |a Némethová, Ildikó, 1974-